[Event "Gideon Japhet ACP Open 2018"]
[Site "Jerusalem"]
[Date "2018.07.05"]
[Round "6"]
[White "Parkhov, Yair"]
[Black "Oratovsky, Michael"]
[Result "0-1"]
[WhiteElo "2364"]
[BlackElo "2461"]
[Annotator "ChessBase"]
[PlyCount "62"]
[EventDate "2018.07.01"]
[EventType "swiss"]
[EventCountry "ISR"]
[SourceTitle "playchess.com"]
[Source "ChessBase"]
[SourceQuality "1"]
[TimeControl "40/5400+30:1800+30"]

1. b3 {[%emt 0:00:00]} e5 {[%emt 0:14:46]} 2. Bb2 {[%emt 0:00:00]} d6 {[%emt 0:00:05]} 3. c4 {[%emt 0:00:00]} Nf6 {[%emt 0:04:49]} 4. Nc3 {[%emt 0:00:29]} g6 {[%emt 0:10:27]} 5. d4 {[%emt 0:00:31]} Nbd7 {[%emt 0:00:08]} 6. Nf3 {[%emt 0:02:27]} Bg7 {[%emt 0:04:23]} 7. dxe5 {[%emt 0:00:23]} dxe5 {[%emt 0:00:09]} 8. Qc2 {[%emt 0:00:38]} O-O {[%emt 0:03:16]} 9. Rd1 {[%emt 0:03:08]} Re8 {[%emt 0:04:46]} 10. e4 {[%emt 0:10:07]} c6 {[%emt 0:06:38]} 11. Be2 {[%emt 0:03:05]} Nh5 {[%emt 0:16:33]} 12. g3 {[%emt 0:11:58]} Qa5 {[%emt 0:05:02]} 13. a3 {[%emt 0:20:42]} Nf8 {[%emt 0:02:30]} 14. b4 {[%emt 0:05:30]} Qc7 {[%emt 0:00:02]} 15. c5 {[%emt 0:03:14]} Bg4 {[%emt 0:14:33]} 16. Ng5 {[%emt 0:09:28]} Qc8 {[%emt 0:08:30]} 17. Qb3 {[%emt 0:11:23]} Re7 {[%emt 0:00:16]} 18. h3 {[%emt 0:00:28]} Bd7 {[%emt 0:01:15]} 19. Bc4 {[%emt 0:01:07]} Qe8 {[%emt 0:00:29]} 20. Ne2 {[%emt 0:02:29]} h6 {[%emt 0:00:39]} 21. Nf3 {[%emt 0:00:07]} Kh7 {[%emt 0:00:35]} 22. Kf1 {[%emt 0:04:55]} f5 {[%emt 0:00:18]} 23. exf5 {[%emt 0:00:58]} gxf5 {[%emt 0:00:07]} 24. Nxe5 {[%emt 0:03:37]} Bxe5 {[%emt 0:01:09]} 25. Bxe5 {[%emt 0:00:11]} Rxe5 {[%emt 0:00:02]} 26. Bf7 {[%emt 0:00:10]} Be6 {[%emt 0:00:08]} 27. Bxe6 {[%emt 0:02:06]} Qxe6 {[%emt 0:00:14]} 28. Qf3 {[%emt 0:00:06]} Re8 {[%emt 0:01:14]} 29. Qxh5 {[%emt 0:00:56]} Rxe2 {[%emt 0:00:11]} 30. Rd6 {[%emt 0:00:05]} Re1+ {[%emt 0:00:28]} 31. Kg2 {[%emt 0:00:12]} Qe4+ {[%emt 0:00:06]} 0-1

[Event "Gideon Japhet ACP Open 2018"]
[Site "Jerusalem"]
[Date "2018.07.05"]
[Round "6"]
[White "Gluhovsky, Mark"]
[Black "Muzychuk, Mariya"]
[Result "0-1"]
[WhiteElo "2308"]
[BlackElo "2521"]
[Annotator "RC"]
[PlyCount "108"]
[EventDate "2018.07.01"]
[EventType "swiss"]
[EventCountry "ISR"]
[SourceTitle "playchess.com"]
[Source "ChessBase"]
[SourceQuality "1"]
[TimeControl "40/5400+30:1800+30"]

1. e4 {[%emt 0:02:49]} e5 {[%emt 0:00:00]} 2. Nf3 {[%emt 0:00:35]} Nc6 {[%emt 0:00:00]} 3. Bb5 {[%emt 0:01:50]} a6 {[%emt 0:00:05]} 4. Ba4 {[%emt 0:00:06]} Nf6 {[%emt 0:00:05]} 5. Bxc6 {[%emt 0:00:44]} dxc6 {[%emt 0:00:09]} 6. d3 {[%emt 0:00:05]} Bd6 {[%emt 0:00:32]} 7. Nbd2 {[%emt 0:01:01]} Be6 {[%emt 0:03:19]} 8. Qe2 {[%emt 0:04:46]} O-O {[%emt 0:05:42]} 9. Nc4 {[%emt 0:05:14]} Nd7 {[%emt 0:00:31]} 10. O-O {[%emt 0:00:30]} f6 {[%emt 0:00:30]} 11. Nh4 g6 12. g3 {[%emt 0:10:17]} Nc5 {[%emt 0:07:02]} 13. b3 {[%emt 0:15:07]} Qe7 {[%emt 0:02:53]} 14. Bb2 {[%emt 0:01:40]} Bh3 {[%emt 0:06:51]} 15. Rfe1 {[%emt 0:04:52]} Ne6 {[%emt 0:07:10]} 16. Nxd6 {[%emt 0:00:19]} cxd6 {[%emt 0:00:23]} 17. Qe3 {[%emt 0:00:29]} c5 {[%emt 0:07:27]} 18. f4 g5 {[%emt 0:08:19]} 19. Nf5 {[%emt 0:16:15]} Bxf5 {[%emt 0:00:20]} 20. exf5 {[%emt 0:00:06]} gxf4 {[%emt 0:00:11]} 21. gxf4 {[%emt 0:11:51]} Ng7 {[%emt 0:03:10]} 22. c4 {[%emt 0:02:59]} Nxf5 {[%emt 0:04:43]} 23. Qh3 {[%emt 0:00:45]} Qe6 {[%emt 0:06:32]} 24. Kf2 {[%emt 0:06:09]} Kh8 {[%emt 0:01:20]} 25. Rg1 {[%emt 0:00:54]} Rg8 {[%emt 0:02:28]} 26. Rae1 {[%emt 0:01:26]} b5 {[%emt 0:17:29]} 27. Rg3 {[%emt 0:02:19]} Rae8 {[%emt 0:04:34]} 28. Rf3 {[%emt 0:02:16]} Ref8 {[%emt 0:02:20]} 29. Rg3 {[%emt 0:00:59]} bxc4 {[%emt 0:02:47]} 30. dxc4 {[%emt 0:00:41]} Re8 {[%emt 0:00:06]} 31. Rg4 {[%emt 0:01:39]} Rxg4 {[%emt 0:00:36]} 32. Qxg4 {[%emt 0:00:07]} Rg8 {[%emt 0:01:48]} 33. Qh3 {[%emt 0:00:35]} Nd4 {[%emt 0:00:30]} 34. Re3 {[%emt 0:01:55]} Rg4 {[%emt 0:01:15]} 35. Bxd4 {[%emt 0:02:39]} Rxf4+ {[%emt 0:00:15]} 36. Ke2 {[%emt 0:00:08]} Qxh3 {[%emt 0:00:21]} 37. Rxh3 {[%emt 0:00:07]} Rxd4 {[%emt 0:01:04]} 38. Rf3 {[%emt 0:00:22]} Kg7 {[%emt 0:00:47]} 39. Rg3+ {[%emt 0:00:07]} Kf7 {[%emt 0:00:07]} 40. Rh3 {[%emt 0:00:13]} Kg6 {[%emt 0:00:04]} 41. Rg3+ {[%emt 0:30:15]} Kf5 {[%emt 0:30:19]} 42. Rh3 {[%emt 0:00:24]} Rg4 {[%emt 0:00:23]} 43. Rxh7 {[%emt 0:00:00]} Rg2+ {[%emt 0:00:00]} 44. Kf3 {[%emt 0:00:00]} Rxa2 {[%emt 0:00:00]} 45. h4 {[%emt 0:00:00]} Rb2 {[%emt 0:00:00]} 46. Rb7 {[%emt 0:00:00]} e4+ {[%emt 0:00:00]} 47. Kg3 {[%emt 0:00:00]} e3 {[%emt 0:00:00]} 48. Rb6 {[%emt 0:00:00]} Ke5 {[%emt 0:00:00]} 49. Rb8 {[%emt 0:00:00]} f5 {[%emt 0:00:00]} 50. Re8+ {[%emt 0:00:00]} Kd4 {[%emt 0:00:00]} 51. h5 {[%emt 0:00:00]} Rxb3 {[%emt 0:00:00]} 52. Kf4 {[%emt 0:00:00]} Rb1 {[%emt 0:00:00]} 53. Rxe3 {[%emt 0:00:00]} Rf1+ {[%emt 0:01:01]} 54. Rf3 {[%emt 0:00:00]} Rxf3+ 0-1

[Event "Gideon Japhet ACP Open 2018"]
[Site "Jerusalem"]
[Date "2018.07.05"]
[Round "6"]
[White "Agrest, Inna"]
[Black "Shvayger, Yuliya"]
[Result "0-1"]
[WhiteElo "2303"]
[BlackElo "2409"]
[Annotator "ChessBase"]
[PlyCount "122"]
[EventDate "2018.07.01"]
[EventType "swiss"]
[EventCountry "ISR"]
[SourceTitle "playchess.com"]
[Source "ChessBase"]
[SourceQuality "1"]
[TimeControl "40/5400+30:1800+30"]

1. e4 {[%emt 0:00:00]} c5 {[%emt 0:00:00]} 2. Nf3 {[%emt 0:00:00]} d6 {[%emt 0:00:00]} 3. d4 {[%emt 0:00:00]} cxd4 {[%emt 0:00:00]} 4. Nxd4 {[%emt 0:00:00]} Nf6 {[%emt 0:00:12]} 5. Nc3 {[%emt 0:00:00]} a6 {[%emt 0:00:08]} 6. Bg5 {[%emt 0:00:13]} e6 {[%emt 0:00:12]} 7. f4 {[%emt 0:00:23]} Qb6 {[%emt 0:00:27]} 8. Qd3 {[%emt 0:06:18]} Qxb2 {[%emt 0:00:48]} 9. Nb3 {[%emt 0:00:38]} Qa3 {[%emt 0:04:49]} 10. f5 {[%emt 0:02:44]} Be7 {[%emt 0:09:51]} 11. fxe6 {[%emt 0:10:30]} fxe6 {[%emt 0:03:18]} 12. Qh3 {[%emt 0:07:23]} Nc6 {[%emt 0:04:37]} 13. Be2 {[%emt 0:07:55]} O-O {[%emt 0:03:23]} 14. O-O {[%emt 0:04:09]} Qb4 {[%emt 0:10:45]} 15. Kh1 {[%emt 0:09:26]} Qb6 {[%emt 0:04:51]} 16. Bc4 {[%emt 0:08:40]} Kh8 {[%emt 0:19:54]} 17. Bxe6 {[%emt 0:02:24]} Nb4 {[%emt 0:00:20]} 18. Nd5 {[%emt 0:17:37]} Nbxd5 {[%emt 0:12:15]} 19. exd5 {[%emt 0:00:08]} Bxe6 {[%emt 0:01:09]} 20. Qxe6 {[%emt 0:02:34]} Rae8 {[%emt 0:02:23]} 21. Rae1 {[%emt 0:00:53]} h6 {[%emt 0:02:39]} 22. Bf4 {[%emt 0:03:17]} Qb5 {[%emt 0:02:01]} 23. Nd4 {[%emt 0:02:24]} Qxd5 {[%emt 0:01:02]} 24. Nf5 {[%emt 0:04:37]} Qxe6 {[%emt 0:03:23]} 25. Rxe6 {[%emt 0:00:03]} Nd5 {[%emt 0:03:52]} 26. Nxe7 {[%emt 0:01:33]} Rxe7 {[%emt 0:00:54]} 27. Rxe7 {[%emt 0:01:35]} Nxe7 {[%emt 0:00:02]} 28. Kg1 {[%emt 0:01:26]} d5 {[%emt 0:00:36]} 29. g3 {[%emt 0:00:53]} Ng6 {[%emt 0:02:19]} 30. Rb1 {[%emt 0:03:48]} Nxf4 {[%emt 0:00:15]} 31. gxf4 {[%emt 0:00:02]} b5 {[%emt 0:00:06]} 32. a4 {[%emt 0:01:03]} bxa4 {[%emt 0:01:06]} 33. Rb4 {[%emt 0:00:05]} Rc8 {[%emt 0:03:42]} 34. Rxa4 Rxc2 {[%emt 0:00:02]} 35. Rxa6 {[%emt 0:00:17]} Kg8 {[%emt 0:01:07]} 36. Ra7 {[%emt 0:01:36]} Kf8 {[%emt 0:00:53]} 37. f5 {[%emt 0:01:23]} Re2 {[%emt 0:01:03]} 38. Rd7 {[%emt 0:00:52]} Re5 {[%emt 0:00:07]} 39. f6 {[%emt 0:00:23]} gxf6 {[%emt 0:00:32]} 40. Kf2 {[%emt 0:00:34]} Ke8 {[%emt 0:01:50]} 41. Rh7 {[%emt 0:31:32]} Rh5 {[%emt 0:31:26]} 42. Ke3 {[%emt 0:00:00]} Rxh2 {[%emt 0:00:00]} 43. Kd4 {[%emt 0:00:00]} Rh5 {[%emt 0:00:00]} 44. Kc5 {[%emt 0:00:00]} Kf8 {[%emt 0:00:00]} 45. Kd6 {[%emt 0:00:00]} Kg8 {[%emt 0:00:00]} 46. Re7 {[%emt 0:00:00]} Rg5 {[%emt 0:00:00]} 47. Ra7 {[%emt 0:00:00]} Re5 {[%emt 0:00:00]} 48. Kc5 {[%emt 0:00:00]} h5 {[%emt 0:00:00]} 49. Kd6 {[%emt 0:00:00]} d4 {[%emt 0:00:00]} 50. Kc6 {[%emt 0:00:00]} d3 {[%emt 0:00:00]} 51. Rd7 {[%emt 0:00:00]} Re3 {[%emt 0:00:00]} 52. Rd4 {[%emt 0:00:09]} Kg7 {[%emt 0:00:00]} 53. Kc5 {[%emt 0:00:06]} Kg6 {[%emt 0:00:00]} 54. Kc4 {[%emt 0:00:05]} Rg3 {[%emt 0:00:00]} 55. Kc3 {[%emt 0:00:20]} Kg5 {[%emt 0:00:00]} 56. Kd2 {[%emt 0:00:23]} h4 {[%emt 0:00:00]} 57. Rd8 {[%emt 0:00:19]} h3 {[%emt 0:00:00]} 58. Rh8 {[%emt 0:01:13]} Kg4 {[%emt 0:00:00]} 59. Rh6 {[%emt 0:00:40]} Kf3 {[%emt 0:00:00]} 60. Kxd3 {[%emt 0:00:32]} Kg2+ {[%emt 0:00:00]} 61. Ke2 {[%emt 0:01:16]} h2 {[%emt 0:00:00]} 0-1

[Event "Gideon Japhet ACP Open 2018"]
[Site "Jerusalem"]
[Date "2018.07.05"]
[Round "6"]
[White "Cohen Revivo, Shoham"]
[Black "Melia, Salome"]
[Result "1/2-1/2"]
[WhiteElo "2248"]
[BlackElo "2392"]
[Annotator "TA"]
[PlyCount "150"]
[EventDate "2018.07.01"]
[EventType "swiss"]
[EventCountry "ISR"]
[SourceTitle "playchess.com"]
[Source "ChessBase"]
[SourceQuality "1"]

{[%evp 11,150,16,24,16,12,0,9,2,32,27,33,20,44,-12,-4,-16,0,-24,-11,-35,0,-7,0,-59,-64,-66,-6,-6,-6,-6,-6,-6,-6,-6,-6,-6,-4,-6,-8,-20,0,0,0,0,0,0,0,0,0,0,30,0,11,0,0,0,0,0,0,0,0,0,0,0,0,0,0,0,0,0,37,39,50,50,68,0,0,0,0,0,0,0,0,0,0,0,0,0,18,18,18,18,18,0,18,18,18,18,18,18,18,18,18,18,18,18,18,18,18,18,18,0,0,0,0,0,0,0,0,0,0,0,0,0,0,0,0,0,0,0,0,0,0,0,0,0,0,0,0,0,0]} 1. e4 d6 2. d4 g6 3. Nc3 Bg7 4. Bg5 Nd7 5. Qd2 a6 6. a4 {B06: Modern Defence} (6. f4 b5 7. Nf3 Bb7 8. O-O-O b4 9. Nd5 Bxd5 10. exd5 Ngf6 11. Qxb4 Nxd5 12. Qa5 N5f6 {0-1 (36) Kovalev,V (2598)-Smirin,I (2670) Moscow 2017}) 6... c5 {LiveBook: 6 Games} 7. Nf3 Ngf6 8. Bc4 $146 ({Predecessor:} 8. Bd3 h6 9. Bh4 g5 10. Bg3 Nh5 11. dxc5 Nxc5 12. a5 b5 13. axb6 {1-0 (48) Shomoev,A (2541)-Stryjecki,M (2438) Cappelle-la-Grande 2003}) 8... cxd4 9. Nxd4 h6 10. Bh4 O-O 11. O-O Kh7 12. Rae1 (12. a5 $14) 12... Qa5 $11 13. Kh1 Nc5 14. f4 Qb4 15. Bb3 Nxb3 (15... Ng8 {keeps more tension.} 16. e5 dxe5 17. fxe5 Rd8 18. Rf4 g5) 16. Nxb3 Be6 17. Nd5 (17. Bxf6 $11 Bxf6 18. Nd5 Qxd2 19. Nxf6+ exf6 20. Nxd2) 17... Qxd2 $15 18. Nxd2 Nxe4 (18... Nxd5 $15 19. exd5 Bxd5 20. Bxe7 Rfe8) 19. Nxe4 $11 Bxd5 20. Bxe7 Rfc8 21. c3 Bxe4 22. Rxe4 d5 23. Rb4 Rc7 24. Bd6 Rd7 25. Bc5 Re8 26. g3 Re4 27. Rd1 {[#] Rxe4 is the strong threat.} Re2 28. Kg1 h5 29. h4 Bf6 30. Kf1 Re6 (30... Rc2 {is interesting.} 31. Bg1 Be7 32. Rb6 Bd8 33. Rb4 Be7) 31. Re1 Kg7 32. Bd4 (32. Rxe6 {feels hotter.} fxe6 33. Ke2 Kf7 34. Kf3 Rc7 35. Bb6) 32... Rxe1+ 33. Kxe1 Bxd4 34. Rxd4 {[%mdl 4096] Endgame KR-KR} Kf6 35. Kd2 Ke6 36. Kd3 Kf5 37. Ke3 Re7+ 38. Kf3 Ke6 $1 39. Rd2 Rc7 40. Rd4 Kd6 41. Rb4 Re7 42. a5 Kc5 43. Rb6 ({Better is} 43. g4 $14) 43... d4 {The position is equal.} 44. cxd4+ Kxd4 {[#]} 45. f5 $1 {[%mdl 512]} Re3+ (45... gxf5 46. Kf4) 46. Kf2 Re5 47. fxg6 fxg6 48. Rxb7 Rxa5 49. Rb6 Ke4 50. Rxg6 Rb5 51. Re6+ Kf5 52. Rxa6 (52. Re2 {with more complications.} Kg4 53. Kg2 Rb4 54. Rf2 a5 55. b3) 52... Rxb2+ 53. Kf3 Rb3+ 54. Kg2 Rb5 55. Rh6 Ke4 56. Kh3 Ra5 57. Rg6 Rb5 58. Rf6 Ra5 59. Rf4+ Ke5 60. Rf3 Ke6 61. g4 hxg4+ 62. Kxg4 {Threatens to win with h5.} Ra8 63. h5 Rg8+ 64. Kh4 Ke7 65. h6 Rf8 66. Rg3 {Black must now prevent Rg7+.} Kf7 67. Kh5 Ra8 68. Rg7+ Kf8 69. Kg6 {Strongly threatening Kh7.} Ra6+ 70. Kh7 Rf6 71. Rg8+ Kf7 72. Ra8 {Hoping for Ra7+.} Rf1 73. Kh8 Rf2 74. h7 Rf1 75. Ra7+ Kf8 {Precision: White = 50%, Black = 72%.} 1/2-1/2

[Event "Gideon Japhet ACP Open 2018"]
[Site "Jerusalem"]
[Date "2018.07.05"]
[Round "6"]
[White "Milikow, Yoav"]
[Black "Gorodetzky, David"]
[Result "0-1"]
[WhiteElo "2161"]
[BlackElo "2460"]
[Annotator "ChessBase"]
[PlyCount "104"]
[EventDate "2018.07.01"]
[EventType "swiss"]
[EventCountry "ISR"]
[SourceTitle "playchess.com"]
[Source "ChessBase"]
[SourceQuality "1"]
[TimeControl "40/5400+30:1800+30"]

1. d4 {[%emt 0:00:00]} e6 {[%emt 0:00:00]} 2. c4 {[%emt 0:00:00]} d5 {[%emt 0:00:00]} 3. Nc3 {[%emt 0:00:02]} c6 {[%emt 0:00:00]} 4. Nf3 {[%emt 0:01:02]} Nf6 {[%emt 0:01:36]} 5. e3 {[%emt 0:00:26]} Nbd7 {[%emt 0:01:06]} 6. Bd3 {[%emt 0:02:09]} dxc4 {[%emt 0:04:09]} 7. Bxc4 {[%emt 0:00:08]} b5 {[%emt 0:00:04]} 8. Bb3 {[%emt 0:04:04]} Bb7 {[%emt 0:11:46]} 9. O-O {[%emt 0:07:31]} a6 10. e4 {[%emt 0:08:56]} b4 {[%emt 0:36:22]} 11. Na4 {[%emt 0:00:09]} Nxe4 {[%emt 0:06:43]} 12. Re1 {[%emt 0:00:18]} Nef6 {[%emt 0:04:39]} 13. Ng5 {[%emt 0:10:36]} Nd5 {[%emt 0:03:52]} 14. Qh5 {[%emt 0:02:49]} g6 {[%emt 0:00:39]} 15. Qh3 {[%emt 0:00:25]} N7f6 {[%emt 0:04:12]} 16. Nc5 {[%emt 0:14:25]} Bxc5 {[%emt 0:05:07]} 17. dxc5 {[%emt 0:00:48]} Bc8 {[%emt 0:00:53]} 18. Bxd5 {[%emt 0:04:08]} cxd5 {[%emt 0:03:50]} 19. Qh6 {[%emt 0:04:56]} Ng4 {[%emt 0:02:53]} 20. Qh4 {[%emt 0:00:27]} h6 {[%emt 0:00:59]} 21. Qxg4 {[%emt 0:03:33]} hxg5 {[%emt 0:00:11]} 22. Bxg5 {[%emt 0:00:18]} f6 {[%emt 0:01:25]} 23. Bd2 {[%emt 0:04:10]} Kf7 {[%emt 0:00:51]} 24. Bxb4 {[%emt 0:01:57]} Qc7 {[%emt 0:01:08]} 25. Qg3 {[%emt 0:01:22]} Qxg3 {[%emt 0:00:54]} 26. hxg3 {[%emt 0:01:33]} Rb8 {[%emt 0:00:08]} 27. Bc3 {[%emt 0:02:16]} e5 {[%emt 0:00:35]} 28. b4 {[%emt 0:02:14]} g5 {[%emt 0:00:52]} 29. f4 {[%emt 0:05:23]} d4 {[%emt 0:05:17]} 30. Bd2 {[%emt 0:01:25]} Re8 {[%emt 0:00:53]} 31. fxe5 {[%emt 0:00:51]} fxe5 {[%emt 0:00:02]} 32. Re2 {[%emt 0:01:37]} e4 {[%emt 0:02:51]} 33. Rf1+ {[%emt 0:05:18]} Kg6 {[%emt 0:00:13]} 34. Ref2 {[%emt 0:01:05]} e3 {[%emt 0:00:25]} 35. Rf6+ {[%emt 0:00:07]} Kh5 {[%emt 0:00:07]} 36. Be1 {[%emt 0:01:19]} d3 {[%emt 0:00:29]} 37. Rd6 {[%emt 0:00:40]} d2 {[%emt 0:00:51]} 38. Bxd2 {[%emt 0:00:02]} exd2 {[%emt 0:00:06]} 39. Rxd2 {[%emt 0:00:54]} Rxb4 {[%emt 0:00:05]} 40. Rc1 {[%emt 0:00:31]} Ree4 {[%emt 0:02:04]} 41. Rd8 {[%emt 0:32:21]} Bf5 {[%emt 0:06:29]} 42. Rf1 {[%emt 0:00:00]} Be6 {[%emt 0:02:10]} 43. c6 {[%emt 0:00:00]} Rbc4 {[%emt 0:03:36]} 44. Rd6 {[%emt 0:00:00]} Rc2 {[%emt 0:02:14]} 45. Rf6 {[%emt 0:00:00]} Bxa2 {[%emt 0:01:16]} 46. Kh2 {[%emt 0:00:00]} Kg4 {[%emt 0:00:54]} 47. Rd7 {[%emt 0:00:00]} Be6 {[%emt 0:03:35]} 48. Rd6 {[%emt 0:00:00]} Bb3 {[%emt 0:03:08]} 49. c7 {[%emt 0:00:00]} Rxc7 {[%emt 0:01:02]} 50. Rxa6 {[%emt 0:00:00]} Bc4 {[%emt 0:03:43]} 51. Ra4 {[%emt 0:00:00]} Rh7+ {[%emt 0:00:32]} 52. Kg1 {[%emt 0:00:00]} Re1+ {[%emt 0:00:05]} 0-1

[Event "Gideon Japhet ACP Open 2018"]
[Site "Jerusalem"]
[Date "2018.07.05"]
[Round "6"]
[White "Milikow, Elie"]
[Black "Zisman, Philip"]
[Result "1/2-1/2"]
[WhiteElo "2081"]
[BlackElo "2293"]
[Annotator "NA"]
[PlyCount "90"]
[EventDate "2018.07.01"]
[EventType "swiss"]
[EventCountry "ISR"]
[SourceTitle "playchess.com"]
[Source "ChessBase"]
[SourceQuality "1"]
[TimeControl "40/5400+30:1800+30"]

1. e4 {[%emt 0:00:00]} e6 {[%emt 0:00:00]} 2. d4 {[%emt 0:00:00]} d5 {[%emt 0:00:00]} 3. Nd2 {[%emt 0:00:00]} dxe4 {[%emt 0:00:00]} 4. Nxe4 {[%emt 0:00:00]} Nf6 {[%emt 0:00:00]} 5. Nxf6+ {[%emt 0:00:12]} gxf6 {[%emt 0:00:00]} 6. Nf3 {[%emt 0:00:31]} b6 {[%emt 0:01:03]} 7. Bf4 {[%emt 0:02:17]} Bb7 {[%emt 0:00:39]} 8. Bd3 {[%emt 0:01:54]} Bd6 {[%emt 0:01:03]} 9. Bg3 {[%emt 0:05:30]} Nc6 {[%emt 0:00:35]} 10. c3 {[%emt 0:00:42]} Qd7 {[%emt 0:01:20]} 11. Qc2 {[%emt 0:04:40]} h5 {[%emt 0:01:49]} 12. O-O-O {[%emt 0:01:17]} Ne7 {[%emt 0:00:33]} 13. Rhe1 {[%emt 0:14:07]} O-O-O {[%emt 0:04:26]} 14. Be4 {[%emt 0:02:06]} Bxe4 {[%emt 0:06:30]} 15. Qxe4 {[%emt 0:01:01]} Qc6 {[%emt 0:00:18]} 16. Qxc6 {[%emt 0:02:00]} Nxc6 {[%emt 0:00:53]} 17. Bxd6 {[%emt 0:01:38]} Rxd6 {[%emt 0:03:56]} 18. Nd2 {[%emt 0:01:21]} f5 {[%emt 0:01:43]} 19. Nc4 {[%emt 0:00:22]} Rdd8 {[%emt 0:00:07]} 20. Ne5 {[%emt 0:06:10]} Nxe5 {[%emt 0:01:24]} 21. Rxe5 {[%emt 0:00:27]} c6 {[%emt 0:03:52]} 22. Re3 {[%emt 0:07:30]} Rhg8 {[%emt 0:05:42]} 23. Rg3 {[%emt 0:02:55]} Rg4 {[%emt 0:02:41]} 24. Rxg4 {[%emt 0:02:34]} fxg4 {[%emt 0:02:24]} 25. Re1 {[%emt 0:10:07]} Kd7 {[%emt 0:04:44]} 26. Kd2 {[%emt 0:14:19]} Ke7 {[%emt 0:01:38]} 27. Re5 {[%emt 0:02:26]} f5 {[%emt 0:00:06]} 28. Ke3 {[%emt 0:03:21]} Kf6 {[%emt 0:00:04]} 29. b4 {[%emt 0:00:41]} h4 {[%emt 0:01:56]} 30. Kf4 {[%emt 0:00:38]} Rb8 {[%emt 0:02:56]} 31. a4 {[%emt 0:06:22]} Rd8 {[%emt 0:03:01]} 32. Ke3 {[%emt 0:01:18]} Rc8 {[%emt 0:02:07]} 33. Kf4 {[%emt 0:01:10]} Rg8 {[%emt 0:14:08]} 34. Ke3 {[%emt 0:00:49]} h3 {[%emt 0:11:11]} 35. g3 {[%emt 0:00:20]} Ra8 {[%emt 0:01:53]} 36. c4 {[%emt 0:01:08]} Rd8 {[%emt 0:00:34]} 37. Kd3 {[%emt 0:00:52]} a5 {[%emt 0:01:29]} 38. c5 {[%emt 0:03:25]} bxc5 {[%emt 0:00:37]} 39. Rxc5 {[%emt 0:00:06]} axb4 {[%emt 0:00:22]} 40. Rxc6 {[%emt 0:00:06]} Ra8 {[%emt 0:07:54]} 41. d5 {[%emt 0:33:07]} Rxa4 {[%emt 0:30:31]} 42. Rxe6+ {[%emt 0:00:04]} Kf7 {[%emt 0:00:08]} 43. Re5 {[%emt 0:01:03]} Kf6 {[%emt 0:04:19]} 44. Re6+ {[%emt 0:00:05]} Kf7 {[%emt 0:04:27]} 45. Re5 {[%emt 0:01:00]} Kf6 {[%emt 0:00:00]} 1/2-1/2

[Event "Gideon Japhet ACP Open 2018"]
[Site "Jerusalem"]
[Date "2018.07.05"]
[Round "6"]
[White "Yaniv, Yuval"]
[Black "Gurbanov, Andrei"]
[Result "1-0"]
[WhiteElo "2054"]
[BlackElo "2335"]
[Annotator "NA"]
[PlyCount "61"]
[EventDate "2018.07.01"]
[EventType "swiss"]
[EventCountry "ISR"]
[SourceTitle "playchess.com"]
[Source "ChessBase"]
[SourceQuality "1"]
[TimeControl "40/5400+30:1800+30"]

1. e4 {[%emt 0:00:00]} e5 {[%emt 0:00:00]} 2. Nf3 {[%emt 0:00:00]} Nc6 {[%emt 0:00:00]} 3. Bb5 {[%emt 0:00:00]} a6 {[%emt 0:00:00]} 4. Ba4 {[%emt 0:00:00]} Bc5 {[%emt 0:00:00]} 5. O-O {[%emt 0:00:09]} d6 {[%emt 0:00:43]} 6. c3 {[%emt 0:00:31]} Ba7 {[%emt 0:04:25]} 7. Re1 {[%emt 0:01:53]} Bg4 {[%emt 0:01:47]} 8. d3 {[%emt 0:01:11]} Nge7 {[%emt 0:01:15]} 9. h3 {[%emt 0:00:29]} Bh5 {[%emt 0:00:07]} 10. Nbd2 {[%emt 0:01:41]} O-O {[%emt 0:00:13]} 11. g4 {[%emt 0:02:31]} Bg6 {[%emt 0:03:07]} 12. Nf1 {[%emt 0:01:26]} b5 {[%emt 0:02:59]} 13. Bb3 {[%emt 0:01:12]} Na5 {[%emt 0:05:18]} 14. Bc2 {[%emt 0:00:42]} f5 {[%emt 0:09:08]} 15. exf5 {[%emt 0:03:17]} Nxf5 {[%emt 0:00:06]} 16. gxf5 {[%emt 0:02:44]} Bxf5 {[%emt 0:00:05]} 17. Be3 {[%emt 0:03:36]} Bxh3 {[%emt 0:01:37]} 18. Bxa7 {[%emt 0:06:40]} Rxa7 {[%emt 0:00:22]} 19. N1h2 {[%emt 0:02:54]} c5 {[%emt 0:02:18]} 20. d4 {[%emt 0:02:55]} exd4 {[%emt 0:05:14]} 21. cxd4 {[%emt 0:00:53]} c4 {[%emt 0:00:09]} 22. Qd2 {[%emt 0:03:33]} Raf7 {[%emt 0:01:09]} 23. Re3 {[%emt 0:06:12]} d5 {[%emt 0:04:44]} 24. Kh1 {[%emt 0:02:01]} c3 {[%emt 0:04:05]} 25. Rxc3 {[%emt 0:04:16]} b4 {[%emt 0:00:08]} 26. Bxh7+ {[%emt 0:04:19]} Kxh7 {[%emt 0:06:43]} 27. Ng5+ {[%emt 0:02:05]} Kg8 {[%emt 0:04:58]} 28. Rxh3 {[%emt 0:00:42]} Rxf2 {[%emt 0:00:05]} 29. Qe3 {[%emt 0:00:23]} Qd7 {[%emt 0:02:43]} 30. Rg1 {[%emt 0:02:57]} Nc4 {[%emt 0:01:18]} 31. Qg3 {[%emt 0:00:20]} 1-0

[Event "Gideon Japhet ACP Open 2018"]
[Site "Jerusalem"]
[Date "2018.07.05"]
[Round "6"]
[White "Yaniv, Ori"]
[Black "Friedland, Moshe"]
[Result "0-1"]
[WhiteElo "1913"]
[BlackElo "2286"]
[Annotator "NA"]
[PlyCount "64"]
[EventDate "2018.07.01"]
[EventType "swiss"]
[EventCountry "ISR"]
[SourceTitle "playchess.com"]
[Source "ChessBase"]
[SourceQuality "1"]
[TimeControl "40/5400+30:1800+30"]

1. e4 {[%emt 0:11:57]} c5 {[%emt 0:00:00]} 2. Nf3 {[%emt 0:00:52]} d6 {[%emt 0:00:00]} 3. d4 {[%emt 0:00:21]} cxd4 {[%emt 0:00:00]} 4. Nxd4 {[%emt 0:00:07]} Nf6 {[%emt 0:00:00]} 5. Nc3 {[%emt 0:00:20]} a6 {[%emt 0:00:11]} 6. Be2 {[%emt 0:00:09]} Nbd7 {[%emt 0:00:19]} 7. Be3 {[%emt 0:02:06]} b5 {[%emt 0:00:24]} 8. a3 {[%emt 0:12:37]} Bb7 9. f3 {[%emt 0:03:10]} e6 {[%emt 0:01:30]} 10. Qd2 {[%emt 0:05:31]} Rc8 {[%emt 0:00:44]} 11. g4 {[%emt 0:03:50]} Nb6 {[%emt 0:02:28]} 12. O-O-O {[%emt 0:01:24]} Nfd7 {[%emt 0:02:01]} 13. Nb3 {[%emt 0:13:54]} Be7 {[%emt 0:17:07]} 14. g5 {[%emt 0:05:08]} Qc7 {[%emt 0:15:47]} 15. Kb1 {[%emt 0:05:07]} d5 {[%emt 0:08:35]} 16. exd5 {[%emt 0:01:37]} Nxd5 {[%emt 0:00:17]} 17. Nxd5 {[%emt 0:01:13]} Bxd5 {[%emt 0:00:07]} 18. Rhg1 {[%emt 0:03:06]} O-O {[%emt 0:03:16]} 19. h4 {[%emt 0:00:36]} Rfd8 {[%emt 0:00:32]} 20. Nd4 {[%emt 0:09:18]} Nb6 {[%emt 0:05:19]} 21. Qc1 {[%emt 0:02:33]} Na4 {[%emt 0:04:36]} 22. h5 {[%emt 0:08:32]} g6 {[%emt 0:07:42]} 23. hxg6 {[%emt 0:00:13]} fxg6 {[%emt 0:00:01]} 24. f4 {[%emt 0:00:28]} b4 {[%emt 0:03:05]} 25. axb4 {[%emt 0:01:06]} Bxb4 {[%emt 0:00:20]} 26. c4 {[%emt 0:03:26]} Qb7 {[%emt 0:12:16]} 27. Qc2 {[%emt 0:01:15]} Ba3 {[%emt 0:06:51]} 28. Qb3 {[%emt 0:01:16]} Be4+ {[%emt 0:00:33]} 29. Bd3 {[%emt 0:00:30]} Qxb3 {[%emt 0:01:01]} 30. Nxb3 {[%emt 0:00:37]} Bxd3+ {[%emt 0:00:24]} 31. Ka2 {[%emt 0:00:15]} Bxb2 {[%emt 0:00:23]} 32. Rd2 {[%emt 0:01:12]} Bc3 {[%emt 0:00:31]} 0-1